01171nam0a22002531 4500001001100000005001700011035002600028100004100054101000800095102000700103105001800110200024900128210003300377215001600410300006800426606010200494606008900596702003100685702004900716712009300765801001800858801002200876852001900898rc\215668020260406152108.0 a(NLR Aleph) 006704835 a20110829d1979 |||y0rusy50 ca0 arus aRU ay z |||||1 aСоциалистический реализм в киргизской советской литературеe[Материалы конф.fРедкол.: А. Садыков, Е. Озмитель (отв. редакторы) и др.] aФрунзеcИлимd1979 a121 с.d20 aВ надзаг.: АН КиргССР, Ин-т яз. и лит. aСоциалистический реализм в литературеjСборники2psbo aКиргизская советская литератураjСборники2psbo 1aОзмительbЕ.4340 1aСадыковbА.gАбдыкадыр434002aИнститут языка и литературыcФрунзе3RU\NLR\AUTH\889927582 0aRUbNLRgpsbo 1aRUbELAR2rusmarc aNLRj79-3/9752